Lễ hội Dàng Then

Giới thiệu về lễ hội Dàng Then của dân tộc Tày với phần nghi lễ cấp sắc, lễ cúng cùng những lời hát, nghệ thuật trong lễ hội

में बचाया:
ग्रंथसूची विवरण
मुख्य लेखक: Triều Ân (s.t., dịch thuật, nghiên cứu)
स्वरूप: पुस्तक
भाषा:Vietnamese
प्रकाशित: H. Văn hoá Thông tin 2011
विषय:
टैग : टैग जोड़ें
कोई टैग नहीं, इस रिकॉर्ड को टैग करने वाले पहले व्यक्ति बनें!
Thư viện lưu trữ: Mạng thư viện Đại học Đà Nẵng
LEADER 01436aam a22003738a 4500
001 000015877
003 12263
005 20120605160603.0
008 120605s2011 viesd
020 |a 9786045000649  |d 2000b 
041 0 |a vie 
082 1 4 |2 14  |a 394.269597  |b TR- 
100 0 |a Triều Ân 
245 0 0 |a Lễ hội Dàng Then  |c Triều Ân s.t., dịch thuật, nghiên cứu 
260 |a H.  |b Văn hoá Thông tin  |c 2011 
300 |a 567tr.  |c 21cm 
500 |a ĐTTS ghi: Hội Văn nghệ Dân gian Việt Nam 
520 |a Giới thiệu về lễ hội Dàng Then của dân tộc Tày với phần nghi lễ cấp sắc, lễ cúng cùng những lời hát, nghệ thuật trong lễ hội 
600 |1 7 
650 7 |2 Bộ TK TVQG  |a Văn hoá dân gian 
650 7 |2 Bộ TK TVQG  |a Lễ hội 
650 7 |2 Bộ TK TVQG  |a Dân tộc Tày 
651 7 |2 Bộ TK TVQG  |a Việt Nam 
700 0 |a Triều Ân  |e s.t., dịch thuật, nghiên cứu 
OWN |a LSP 
AVA |a UDN50  |b LSP  |d 394.269597 TR-  |e available  |t Error 5001 Not defined in file expand_doc_bib_avail.  |f 1  |g 0  |h N  |i 0  |k 1 
999 |a From the UDN01 
AVA |a UDN50  |b LSP  |d 394.269597 TR-  |e available  |t Error 5001 Not defined in file expand_doc_bib_avail.  |f 1  |g 0  |h N  |i 0  |k 1 
TYP |a Monograph 
TYP |a Printed language 
980 |a Mạng thư viện Đại học Đà Nẵng